000 00738nam a22002537a 4500
001 BR9700190
003 BR-BrBNA
005 20230928095500.0
007 ta
008 230509b bl.||||| |||| 00| 0 por d
040 _aBR-BrBNA
_bpor
_cBiblioteca Nacional de Agricultura
041 _a(Por)
072 _aC20
090 _ C20 BR9700190
110 1 _aAssociacao Brasileira de Credito e Assistencia Rural, Rio de Janeiro, RJ (Brasil)
_9230
245 1 _aRelatorio das atividades tecnicas permanentes
260 3 _aRio de Janeiro, RJ (Brasil):
_c1967.
300 _a19 p.
650 _aExtensao Rural
650 _aAssistencia Tecnica
650 _aInstituicao Agricola
909 _a202309
_bLucia
_c55
_dLucia Elande
942 _cBK
999 _c56823
_d56823